000
003340000a22001450004500
005
20120302062737.0
942
_c
BOOK
100
_a
BHIDE, ASHA
245
_a
SANGE GEETA
260
_a
THANE: SADDHARMA PRAKASHAN ,2003
300
_a
28 P.
040
_a
MAR
365
_b
RS.90/-
650
_a
HINDU DHARMA / GEETA / BHAGVAD GEETA
999
_c
357546
_d
357543